[Event "XXXIII C.to Italiano femminile"]
[Site "Bratto - Castione della Presolana ITA"]
[Date "2006.08.27"]
[Round "9"]
[White "Messina, Roberta"]
[Black "Matta, Francesca"]
[Result "0-1"]
[WhiteElo "1859"]
[BlackElo "1841"]
[PlyCount "132"]
[EventDate "2006.08.19"]

1. e4 e5 2. Nf3 Nc6 3. d4 exd4 4. Nxd4 Bc5 5. Be3 Qf6 6. c3 Nge7 7. Bc4 O-O 8.
O-O Bb6 9. Kh1 Rd8 10. Nc2 Ne5 11. Bb3 d6 12. Bxb6 axb6 13. Ne3 Qf4 14. Nd2 Nd3
15. Qe2 Nc5 16. Bc2 Be6 17. b3 d5 18. exd5 Nxd5 19. Nxd5 Rxd5 20. Nf3 Bg4 21.
Rae1 Ne6 22. Qe4 Qxe4 23. Bxe4 Bxf3 24. Bxf3 Rd3 25. Bxb7 Rxa2 26. Rc1 Rdd2 27.
Kg1 g6 28. g3 Nc5 29. Bg2 Nxb3 30. Rcd1 Rxd1 31. Rxd1 Ra1 32. Rxa1 Nxa1 33. Bd5
Kf8 34. Kf1 Nc2 35. Be4 Na3 36. Bd3 Ke7 37. Ke2 Kd6 38. Ke3 Kc5 39. Kd2 Nc4+
40. Ke2 b5 41. Bc2 b4 42. cxb4+ Kxb4 43. Be4 Nd6 44. Bc6 Kc5 45. Bg2 Kd4 46.
Bc6 Nc4 47. Be8 f6 48. h4 c5 49. g4 g5 50. h5 h6 51. Bg6 Nb2 52. f3 c4 53. Kd2
Nd3 54. Be4 c3+ 55. Kc2 Nb4+ 56. Kc1 Ke3 57. Kd1 Nd3 58. Kc2 Ne1+ 59. Kxc3 Nxf3
60. Bf5 Ne5 61. Be6 Kf4 62. Kd4 Nxg4 63. Kd5 f5 64. Bf7 Nf6+ 65. Ke6 Nxh5 66.
Bxh5 g4 0-1

[Event "XXXIII C.to Italiano femminile"]
[Site "Bratto - Castione della Presolana ITA"]
[Date "2006.08.27"]
[Round "9"]
[White "Monticone, Sonia"]
[Black "Zanaboni, Alessandra"]
[Result "1-0"]
[WhiteElo "1623"]
[BlackElo "1617"]
[PlyCount "51"]
[EventDate "2006.08.19"]

1. c4 e6 2. Nc3 d5 3. d4 Nf6 4. Nf3 h6 5. Bf4 Bd6 6. Bxd6 Qxd6 7. e3 O-O 8. Bd3
a6 9. O-O Nbd7 10. Rc1 b6 11. cxd5 exd5 12. Bb1 c5 13. Ne2 Ne4 14. dxc5 Nexc5
15. b4 Ne6 16. Qc2 Nf6 17. a3 Bb7 18. Rcd1 Qe7 19. Ng3 g6 20. Ne5 Ne4 21. Nxe4
dxe4 22. Rd7 Qg5 23. Rxb7 Qxe5 24. Qxe4 Qb2 25. Rxb6 Qxa3 26. Rxe6 1-0

[Event "XXXIII C.to Italiano femminile"]
[Site "Bratto - Castione della Presolana ITA"]
[Date "2006.08.27"]
[Round "9"]
[White "Mosca, Giulia"]
[Black "Varagnolo, Silvia"]
[Result "1/2-1/2"]
[WhiteElo "1563"]
[BlackElo "1667"]
[PlyCount "26"]
[EventDate "2006.08.19"]

1. e4 c6 2. d4 d5 3. Nc3 dxe4 4. Nxe4 Nd7 5. Nf3 Ngf6 6. Ng3 e6 7. Bd3 c5 8.
O-O cxd4 9. Nxd4 Bc5 10. c3 O-O 11. Qe2 b6 12. Ne4 Bb7 13. Bg5 Be7 1/2-1/2

[Event "XXXIII C.to Italiano femminile"]
[Site "Bratto - Castione della Presolana ITA"]
[Date "2006.08.27"]
[Round "9"]
[White "Sautto, Alessandra"]
[Black "Brunello, Marina"]
[Result "1/2-1/2"]
[WhiteElo "1950"]
[BlackElo "1944"]
[PlyCount "105"]
[EventDate "2006.08.19"]

1. d4 d5 2. Nf3 Nf6 3. e3 e6 4. Bd3 Bd6 5. O-O Bd7 6. Nbd2 c5 7. b3 Nc6 8. Bb2
Rc8 9. c4 cxd4 10. exd4 b6 11. Rc1 Ne7 12. Ne5 Ng6 13. f4 dxc4 14. Ndxc4 Bb8
15. f5 Ne7 16. Nxd7 Qxd7 17. fxe6 fxe6 18. Qe2 O-O 19. Rce1 Kh8 20. Qxe6 Qc7
21. Ne5 Rce8 22. Bb5 Rd8 23. Rc1 Qd6 24. Qxd6 Bxd6 25. Nc6 Nxc6 26. Bxc6 Ng4
27. g3 Ne3 28. Rfe1 Ng4 29. Re2 h5 30. h3 Nh6 31. Kg2 Nf5 32. g4 Nh4+ 33. Kg1
hxg4 34. hxg4 Rf4 35. Bg2 Rxg4 36. Kh1 Nf5 37. Kg1 Nxd4 38. Bxd4 Rxd4 39. Bf3
Rh4 40. Rce1 Bg3 41. Re8+ Rxe8 42. Rxe8+ Kh7 43. Be4+ Kh6 44. Rh8+ Kg5 45. Rxh4
Bxh4 46. Kg2 b5 47. a4 Kf4 48. Bc6 b4 49. Bd5 Ke3 50. Bf7 Kd3 51. Be6 Kc3 52.
Bf7 g6 53. Be6 1/2-1/2

[Event "XXXIII C.to Italiano femminile"]
[Site "Bratto - Castione della Presolana ITA"]
[Date "2006.08.27"]
[Round "9"]
[White "Tonel, Giulia"]
[Black "Panella, Fiammetta"]
[Result "0-1"]
[WhiteElo "1905"]
[BlackElo "1954"]
[PlyCount "70"]
[EventDate "2006.08.19"]

1. e4 c5 2. Nf3 e6 3. c3 Nf6 4. e5 Nd5 5. d4 cxd4 6. cxd4 d6 7. exd6 Bxd6 8.
Nc3 Nxc3 9. bxc3 Qc7 10. Bd2 Nd7 11. Bd3 b6 12. O-O Bb7 13. h3 Bc6 14. Rb1 O-O
15. Re1 Qb7 16. Be2 Nf6 17. Rf1 Rac8 18. Ne1 Ne4 19. f4 Ng3 20. Rf2 Nxe2+ 21.
Qxe2 Bd5 22. f5 exf5 23. a4 Bg3 24. Rxf5 Be4 25. Rg5 Bxb1 26. Rxg3 Rfe8 27. Qg4
Bg6 28. Nd3 Qe4 29. Qg5 h6 30. Qb5 Qe2 31. Bf4 a6 32. Qxa6 Rxc3 33. Nb4 Qe1+
34. Kh2 Rxg3 35. Bxg3 Qxb4 0-1

[Event "XXVI Festival Conca della Presolana A"]
[Site "Bratto - Castione della Presolana ITA"]
[Date "2006.08.19"]
[Round "1"]
[White "Alberton, Roberto"]
[Black "Komarov, Dimitri"]
[Result "1/2-1/2"]
[WhiteElo "2128"]
[BlackElo "2530"]
[PlyCount "80"]
[EventDate "2006.08.19"]

1. Nf3 d5 2. d4 Nf6 3. c4 c6 4. Nc3 dxc4 5. a4 Bf5 6. e3 e6 7. Bxc4 Bb4 8. Qb3
Qb6 9. O-O O-O 10. Nh4 Nbd7 11. Nxf5 exf5 12. Rd1 g6 13. Bd2 Bd6 14. Rac1 Qc7
15. g3 Ne4 16. Nxe4 fxe4 17. Bb4 Bxb4 18. Qxb4 Nf6 19. Rd2 Rfd8 20. Rdc2 Qd7
21. Qb3 Qe7 22. a5 a6 23. Qb6 Kg7 24. Rc3 h5 25. h4 Rd7 26. Qb3 Rad8 27. R3c2
Rc7 28. Be2 Rd5 29. Rc5 Rcd7 30. Qa3 Rxc5 31. Rxc5 Rd5 32. b4 Qd7 33. Bc4 Rf5
34. Bf1 Rd5 35. Bc4 Rf5 36. Bf1 Qe7 37. Bh3 Rd5 38. Qb2 Kf8 39. Qc2 Kg7 40. Bg2
Qd8 1/2-1/2

[Event "XXVI Festival Conca della Presolana A"]
[Site "Bratto - Castione della Presolana ITA"]
[Date "2006.08.19"]
[Round "1"]
[White "Ambrosi, Eleonora"]
[Black "Saccani, Ettore"]
[Result "1-0"]
[WhiteElo "2147"]
[BlackElo "1940"]
[PlyCount "35"]
[EventDate "2006.08.19"]

1. e4 e6 2. d4 d5 3. Nc3 Bb4 4. Nge2 dxe4 5. a3 Bxc3+ 6. Nxc3 Nf6 7. Bg5 Nbd7
8. Nxe4 c6 9. Nd6+ Kf8 10. Qd2 Qc7 11. Bf4 Nh5 12. Be5 Qd8 13. g4 f6 14. gxh5
fxe5 15. dxe5 Nxe5 16. O-O-O Nf3 17. Qe3 Qf6 18. Ne4 1-0

[Event "XXVI Festival Conca della Presolana A"]
[Site "Bratto - Castione della Presolana ITA"]
[Date "2006.08.19"]
[Round "1"]
[White "Andreoli, Renato"]
[Black "Lampl, Gerald"]
[Result "1/2-1/2"]
[WhiteElo "2137"]
[BlackElo "1826"]
[PlyCount "41"]
[EventDate "2006.08.19"]

1. Nf3 Nf6 2. g3 g6 3. Bg2 Bg7 4. O-O O-O 5. d4 d6 6. c4 Nc6 7. Nc3 Bf5 8. d5
Na5 9. Nd2 c5 10. e4 Bd7 11. Qc2 a6 12. b3 b5 13. Bb2 Rb8 14. Rab1 bxc4 15.
bxc4 Qc7 16. Ba1 Ng4 17. Nd1 Rxb1 18. Qxb1 Rb8 19. Qc1 Bxa1 20. Qxa1 Qb6 21.
Bh3 1/2-1/2

[Event "XXVI Festival Conca della Presolana A"]
[Site "Bratto - Castione della Presolana ITA"]
[Date "2006.08.19"]
[Round "1"]
[White "Andreolini, Mauro"]
[Black "Ranfagni, Stefano"]
[Result "1/2-1/2"]
[WhiteElo "2195"]
[BlackElo "2016"]
[PlyCount "53"]
[EventDate "2006.08.19"]

1. d4 e6 2. e4 d5 3. e5 c5 4. Nf3 Nc6 5. Bd3 cxd4 6. O-O f6 7. Re1 fxe5 8. Nxe5
Nf6 9. Bg5 Nxe5 10. Rxe5 Bd6 11. Bb5+ Kf7 12. Re1 h6 13. Bh4 a6 14. Bf1 e5 15.
c3 dxc3 16. Nxc3 g5 17. Bg3 d4 18. Ne4 Nxe4 19. Qh5+ Kg7 20. Rxe4 Qf6 21. Rae1
Rf8 22. Rxe5 Kh7 23. Bd3+ Kg8 24. Re6 Bxe6 25. Rxe6 Qxe6 26. Bc4 Qxc4 27. Qg6+
1/2-1/2

[Event "XXVI Festival Conca della Presolana A"]
[Site "Bratto - Castione della Presolana ITA"]
[Date "2006.08.19"]
[Round "1"]
[White "Bellia, Fabrizio"]
[Black "Astengo, Marcello"]
[Result "1/2-1/2"]
[WhiteElo "2392"]
[BlackElo "2109"]
[PlyCount "116"]
[EventDate "2006.08.19"]

1. e4 e6 2. d4 d5 3. Nd2 Nf6 4. e5 Nfd7 5. Ngf3 c5 6. c3 Nc6 7. Bd3 Qb6 8. O-O
cxd4 9. cxd4 Nxd4 10. Nxd4 Qxd4 11. Nf3 Qb6 12. Qa4 Be7 13. Qg4 Kf8 14. Bg5
Bxg5 15. Qxg5 Nc5 16. Bc2 Bd7 17. b3 Bb5 18. Rfe1 Nd3 19. Bxd3 Bxd3 20. Qf4 h6
21. h4 Bg6 22. Rac1 Kg8 23. Re3 Kh7 24. Rec3 Qa6 25. g4 Rhf8 26. Rc7 Kg8 27. h5
Be4 28. Nh4 Qe2 29. f3 Bd3 30. g5 hxg5 31. Qxg5 Kh7 32. Qf4 d4 33. Ng2 Bf5 34.
Qxd4 Qxf3 35. Rf1 Qxh5 36. Rxb7 Rad8 37. Qh4 Qxh4 38. Nxh4 g6 39. Rxa7 Rd2 40.
Nf3 Rc2 41. Rf2 Rc1+ 42. Kh2 Kh6 43. Nd4 Rc5 44. Re2 g5 45. Kg3 Kg6 46. Nxf5
exf5 47. Ra6+ f6 48. exf6 Rc3+ 49. Kf2 Rxf6 50. Rxf6+ Kxf6 51. b4 g4 52. b5 g3+
53. Kg2 f4 54. Rb2 Kf5 55. b6 Kg4 56. Rb4 Rc2+ 57. Kg1 Rc1+ 58. Kg2 Rc2+
1/2-1/2

[Event "XXVI Festival Conca della Presolana A"]
[Site "Bratto - Castione della Presolana ITA"]
[Date "2006.08.19"]
[Round "1"]
[White "Bianco, Raffaele"]
[Black "Castaldo, Folco"]
[Result "0-1"]
[WhiteElo "2069"]
[BlackElo "2336"]
[PlyCount "115"]
[EventDate "2006.08.19"]

1. e4 c5 2. Nf3 Nc6 3. d4 cxd4 4. Nxd4 Qc7 5. Nc3 e6 6. Be2 a6 7. O-O Nf6 8.
Be3 Bb4 9. Na4 Be7 10. Nxc6 bxc6 11. Nb6 Rb8 12. Nxc8 Qxc8 13. Bd4 c5 14. Be5
Rb6 15. Qd3 Qc6 16. Bf3 c4 17. Qe2 Qb5 18. Bd4 Rc6 19. a4 Qa5 20. Bc3 Qc7 21.
Rfd1 e5 22. g3 O-O 23. Bg2 Rb8 24. g4 h6 25. h4 d6 26. Qf3 Nh7 27. Rd5 Qa7 28.
Qg3 Bf6 29. Rad1 Qe7 30. g5 hxg5 31. h5 Nf8 32. Bh3 Ne6 33. Bxe6 Qxe6 34. f3
Be7 35. R1d2 Qf6 36. Rg2 Qf4 37. Qh3 Rb7 38. Qg4 Bd8 39. Qxf4 Bb6+ 40. Kh2 gxf4
41. Rgd2 Bc5 42. Kh3 g6 43. Kg4 Kg7 44. Rh2 f6 45. Rd1 Rc8 46. Rdh1 Rg8 47. Rd1
Kh6 48. Rdh1 f5+ 49. exf5 gxh5+ 50. Kh4 Rf7 51. Rd2 Rxf5 52. b4 cxb3 53. cxb3
Rg6 54. Rhh2 Rfg5 55. Rc2 Bb6 56. Be1 Bd8 57. Rc8 Rg4+ 58. Kh3 0-1

[Event "XXVI Festival Conca della Presolana A"]
[Site "Bratto - Castione della Presolana ITA"]
[Date "2006.08.19"]
[Round "1"]
[White "Borgo, Giulio"]
[Black "Marchiori, Diego"]
[Result "1-0"]
[WhiteElo "2414"]
[BlackElo "2110"]
[PlyCount "57"]
[EventDate "2006.08.19"]

1. e4 Nf6 2. e5 Nd5 3. d4 d6 4. Bc4 Nb6 5. Bb3 dxe5 6. Qh5 e6 7. dxe5 Nc6 8.
Nf3 Nd4 9. Nxd4 Qxd4 10. Nd2 Nd7 11. Nf3 Qe4+ 12. Be3 g6 13. Qg5 Bg7 14. O-O-O
O-O 15. Rd4 Qf5 16. Qg3 Nxe5 17. Rf4 Qh5 18. Rh4 Qf5 19. Nd4 Qf6 20. Bg5 Nd3+
21. cxd3 Qe5 22. Qxe5 Bxe5 23. Re1 f6 24. Nxe6 fxg5 25. Nxg5+ Kg7 26. Rxe5 Rxf2
27. Rxh7+ Kf6 28. d4 Bf5 29. Ne4+ 1-0

[Event "XXVI Festival Conca della Presolana A"]
[Site "Bratto - Castione della Presolana ITA"]
[Date "2006.08.19"]
[Round "1"]
[White "Bruno, Fabio"]
[Black "Maccagno, Giancarlo"]
[Result "1-0"]
[WhiteElo "2388"]
[BlackElo "2093"]
[PlyCount "93"]
[EventDate "2006.08.19"]

1. d4 f5 2. Nf3 Nf6 3. g3 c6 4. Bg2 g6 5. c4 Bg7 6. O-O O-O 7. b4 d6 8. Bb2 Na6
9. a3 Bd7 10. Qc2 Nc7 11. a4 b5 12. axb5 cxb5 13. Nfd2 d5 14. c5 Bc6 15. Nf3
Ne4 16. e3 Ne6 17. Ra5 Qc7 18. Nbd2 a6 19. Rfa1 Bb7 20. Ne5 Nd8 21. Nb3 Bxe5
22. dxe5 Nc6 23. Nd4 Nxa5 24. Rxa5 Bc8 25. Nxb5 Qb8 26. Qb3 axb5 27. Qxd5+ Be6
28. Qxe6+ Rf7 29. Qb6 Rf8 30. Rxb5 Qd8 31. Qxd8 Rfxd8 32. Bxe4 fxe4 33. c6 Rdb8
34. Rxb8+ Rxb8 35. e6 Rxb4 36. Be5 Rc4 37. c7 h5 38. g4 hxg4 39. Kg2 Kh7 40.
Kg3 Kh6 41. Kf4 Kh5 42. Bd6 g5+ 43. Kf5 Rc6 44. Bxe7 Rxc7 45. Bd6 Rc8 46. e7
Re8 47. Kf6 1-0

[Event "XXVI Festival Conca della Presolana A"]
[Site "Bratto - Castione della Presolana ITA"]
[Date "2006.08.19"]
[Round "1"]
[White "Buratti, Marco"]
[Black "Di Fonzo, Valerio"]
[Result "0-1"]
[WhiteElo "2018"]
[BlackElo "2202"]
[PlyCount "221"]
[EventDate "2006.08.19"]

1. e4 e5 2. Nc3 Nf6 3. Bc4 Nc6 4. d3 Bb4 5. Nge2 d5 6. exd5 Nxd5 7. Bxd5 Qxd5
8. O-O Qd8 9. Be3 O-O 10. f4 exf4 11. Nxf4 Ne7 12. Ne4 Nf5 13. Bd2 Bxd2 14.
Qxd2 Qd4+ 15. Kh1 Qxb2 16. Rae1 c6 17. Nh5 f6 18. g4 Nh4 19. Nexf6+ Kh8 20. Re7
Bxg4 21. Rxg7 Bf3+ 22. Kg1 Rxf6 23. Nxf6 Qxf6 24. Rg3 Qd4+ 25. Qf2 Qxf2+ 26.
Rxf2 Bd5 27. c4 Bg8 28. Rf6 Ng6 29. Re3 Rd8 30. Kf2 Kg7 31. Rf5 Rf8 32. Rxf8
Kxf8 33. a3 c5 34. Kf3 Bf7 35. Ke4 Kg7 36. Kf5 b6 37. Rg3 Kf8 38. Kf6 Ne7 39.
Re3 Nc6 40. Rh3 Bg6 41. Re3 Bf7 42. h4 h5 43. Re1 a6 44. Rb1 Nb8 45. Kf5 Nd7
46. a4 Ke7 47. Re1+ Kd6 48. Re3 Nf8 49. Kf6 Be6 50. Re1 Nd7+ 51. Kg5 Bg4 52.
Kf4 Nb8 53. Re8 Nc6 54. Rg8 Bd1 55. Rg6+ Kd7 56. Rg7+ Kd8 57. Rb7 Bxa4 58. Rxb6
Nb4 59. d4 Kc7 60. dxc5 Nd3+ 61. Kg5 Nxc5 62. Rxa6 Nxa6 63. Kxh5 Kd6 64. Kg6
Nc5 65. h5 Be8+ 66. Kg5 Ne4+ 67. Kf4 Nf6 68. h6 Ke6 69. c5 Nh7 70. Ke4 Bc6+ 71.
Kd4 Kf5 72. Kd3 Bb5+ 73. Kc3 Kg6 74. Kd4 Kxh6 75. Ke5 Kg5 76. Kd6 Nf6 77. c6
Ba6 78. Ke7 Nd5+ 79. Kd6 Nb6 80. Kc5 Nc8 81. Kd5 Kf6 82. Kd4 Ke7 83. Ke5 Bb5
84. Kd4 Bxc6 85. Ke5 Nd6 86. Kd4 Ke6 87. Ke3 Ke5 88. Kd3 Bd5 89. Kc3 Ke4 90.
Kd2 Kd4 91. Kc2 Nb5 92. Kb2 Kd3 93. Kb1 Kc3 94. Ka1 Nd4 95. Kb1 Nc2 96. Kc1 Ba2
97. Kd1 Nd4 98. Kc1 Ne2+ 99. Kd1 Kd3 100. Ke1 Ke3 101. Kd1 Bb3+ 102. Ke1 Nf4
103. Kf1 Ba4 104. Ke1 Nd3+ 105. Kf1 Kf3 106. Kg1 Bd1 107. Kh2 Nf4 108. Kg1 Be2
109. Kh1 Kg3 110. Kg1 Nh3+ 111. Kh1 0-1

[Event "XXVI Festival Conca della Presolana A"]
[Site "Bratto - Castione della Presolana ITA"]
[Date "2006.08.19"]
[Round "1"]
[White "Campomori, Bruno"]
[Black "Napoli, Nicolo'"]
[Result "0-1"]
[WhiteElo "2025"]
[BlackElo "2216"]
[PlyCount "84"]
[EventDate "2006.08.19"]

1. e4 g6 2. d4 Bg7 3. Nf3 d6 4. Bc4 a6 5. O-O b5 6. Bb3 Bb7 7. Re1 Nf6 8. Nbd2
O-O 9. Qe2 c5 10. c3 cxd4 11. cxd4 Nc6 12. Nf1 Qc7 13. Bd2 e6 14. Ng3 h5 15.
Bg5 Nh7 16. Qe3 Nxd4 17. Nxd4 Bxd4 18. Qxd4 Nxg5 19. Rac1 Qe7 20. h4 Nh7 21.
Rc3 Rac8 22. Rec1 Rxc3 23. Rxc3 Rc8 24. e5 Rxc3 25. bxc3 dxe5 26. Qxe5 Nf8 27.
Ne4 Bxe4 28. Qxe4 a5 29. Qd3 Qc5 30. Bd1 Qa3 31. Qxb5 Qxc3 32. Qe2 Nd7 33. Bb3
Nc5 34. Bc4 Kg7 35. g3 Qd4 36. Bb5 Ne4 37. Be8 Nxg3 38. Qf3 Nf5 39. a4 Qxh4 40.
Qb7 Qg4+ 41. Kf1 Qd1+ 42. Kg2 Qd5+ 0-1

[Event "XXVI Festival Conca della Presolana A"]
[Site "Bratto - Castione della Presolana ITA"]
[Date "2006.08.19"]
[Round "1"]
[White "Capece, Adolivio"]
[Black "Vancini, Edoardo"]
[Result "0-1"]
[WhiteElo "2041"]
[BlackElo "2250"]
[PlyCount "66"]
[EventDate "2006.08.19"]

1. c4 c5 2. Nc3 Nf6 3. g3 d5 4. cxd5 Nxd5 5. Bg2 Nc7 6. Nf3 Nc6 7. O-O e5 8. d3
Be7 9. b3 Be6 10. Bb2 Qd7 11. Rc1 f6 12. a3 Rc8 13. Nd2 b6 14. b4 cxb4 15. axb4
Nxb4 16. Ra1 Ncd5 17. Nxd5 Nxd5 18. Nc4 Rc7 19. Re1 O-O 20. e4 Nb4 21. Bf1 Rd8
22. Ba3 Qc8 23. Bxb4 Bxb4 24. Qb3 Bxe1 25. Rxe1 Rc5 26. Qa3 Qc7 27. Ne3 a5 28.
Rb1 b5 29. Ra1 b4 30. Qb2 Rd4 31. Nc4 Bxc4 32. dxc4 Qd7 33. Qb1 Rd2 0-1

[Event "XXVI Festival Conca della Presolana A"]
[Site "Bratto - Castione della Presolana ITA"]
[Date "2006.08.19"]
[Round "1"]
[White "Carosso, Andrea"]
[Black "Sbarra, Marco"]
[Result "0-1"]
[WhiteElo "2050"]
[BlackElo "2290"]
[PlyCount "85"]
[EventDate "2006.08.19"]

1. c4 e6 2. Nc3 d5 3. d4 c5 4. cxd5 cxd4 5. Qa4+ Bd7 6. Qxd4 exd5 7. a3 Nf6 8.
Nf3 Nc6 9. Qd3 Be7 10. g3 Be6 11. Bg2 Qd7 12. O-O Bf5 13. Qb5 a6 14. Qb3 d4 15.
Na4 Rd8 16. Bg5 Na5 17. Qd1 Be6 18. Nd2 Qb5 19. b4 Qxg5 20. bxa5 Qxa5 21. Bxb7
O-O 22. Qc2 Bf5 23. Ne4 Nxe4 24. Bxe4 Bxe4 25. Qxe4 Bf6 26. Nb2 d3 27. Nxd3
Bxa1 28. Rxa1 Rfe8 29. Qf3 Qc3 30. Rc1 Qxa3 31. Rc7 Re7 32. Qb7 Rxc7 33. Qxc7
Qd6 34. Qa7 h5 35. h4 Qe6 36. Nf4 Rd1+ 37. Kg2 Qc6+ 38. f3 Rc1 39. Nxh5 Qc5 40.
Qa8+ Kh7 41. Qe4+ f5 42. Nf6+ gxf6 43. Qb7+ 0-1

[Event "XXVI Festival Conca della Presolana A"]
[Site "Bratto - Castione della Presolana ITA"]
[Date "2006.08.19"]
[Round "1"]
[White "Cebalo, Miso"]
[Black "Astengo, Corrado"]
[Result "1-0"]
[WhiteElo "2505"]
[BlackElo "2119"]
[PlyCount "55"]
[EventDate "2006.08.19"]

1. d4 d5 2. c4 e6 3. Nf3 c6 4. Qc2 Nf6 5. Bg5 Nbd7 6. Nc3 Bd6 7. e3 O-O 8. cxd5
exd5 9. Bd3 h6 10. Bh4 Re8 11. O-O Nf8 12. Rae1 Be6 13. Ne5 c5 14. f4 cxd4 15.
exd4 Qb6 16. Qf2 Ne4 17. Bxe4 dxe4 18. Nxe4 Bxa2 19. b3 Bxe5 20. fxe5 Bxb3 21.
Rb1 Qg6 22. Rxb3 Qxe4 23. Qxf7+ Kh8 24. Rg3 Qxd4+ 25. Kh1 Ne6 26. Bf6 Qc4 27.
Bxg7+ Kh7 28. Bf8+ 1-0

[Event "XXVI Festival Conca della Presolana A"]
[Site "Bratto - Castione della Presolana ITA"]
[Date "2006.08.19"]
[Round "1"]
[White "Cecchetto, Vanni"]
[Black "Guanciale, Orazio"]
[Result "1/2-1/2"]
[WhiteElo "2006"]
[BlackElo "2156"]
[PlyCount "57"]
[EventDate "2006.08.19"]

1. Nf3 f5 2. c4 Nf6 3. g3 g6 4. Bg2 Bg7 5. d4 O-O 6. Nc3 d6 7. O-O Qe8 8. d5
Na6 9. Rb1 Nc5 10. Nd4 a5 11. b3 Bd7 12. Ba3 c6 13. dxc6 bxc6 14. Bxc5 dxc5 15.
Nf3 e5 16. Qd6 Ng4 17. e4 Rf6 18. Qd2 f4 19. h3 Nh6 20. Na4 Nf7 21. Nxc5 Bc8
22. Qe2 g5 23. g4 h5 24. Nh2 Nh8 25. Nd3 Ng6 26. gxh5 Nh4 27. f3 Rh6 28. Ng4
Rxh5 29. Ndf2 1/2-1/2

[Event "XXVI Festival Conca della Presolana A"]
[Site "Bratto - Castione della Presolana ITA"]
[Date "2006.08.19"]
[Round "1"]
[White "Costantini, Roberto"]
[Black "Meng, Jean-Philippe"]
[Result "1-0"]
[WhiteElo "2293"]
[BlackElo "2058"]
[PlyCount "109"]
[EventDate "2006.08.19"]

1. e4 Nc6 2. Nf3 e5 3. Bb5 a6 4. Ba4 Nf6 5. O-O b5 6. Bb3 Be7 7. Re1 O-O 8. a4
Rb8 9. d3 h6 10. Nbd2 Re8 11. c3 Bf8 12. d4 b4 13. Nxe5 Nxe5 14. dxe5 Rxe5 15.
Nf3 Rxe4 16. Rxe4 Nxe4 17. Bxf7+ Kxf7 18. Qd5+ Ke8 19. Qxe4+ Qe7 20. Qd3 Qd6
21. Qe2+ Be7 22. Bd2 Kf8 23. cxb4 Bb7 24. Re1 Bf6 25. Bc3 Bd5 26. Ne5 Kg8 27.
Ng4 Bxc3 28. bxc3 Qc6 29. Ne3 Be6 30. Qc2 Bf7 31. Nf5 Kh8 32. Nd4 Qf6 33. Re3
Re8 34. Qe2 Rxe3 35. Qxe3 Qg6 36. h3 Bd5 37. f3 c6 38. Qe7 d6 39. Kh2 Kh7 40.
Qf8 Bc4 41. Qf5 c5 42. bxc5 Qxf5 43. Nxf5 dxc5 44. a5 Kg6 45. Nd6 Bd5 46. Kg3
c4 47. Kf4 Kf6 48. Ne4+ Ke6 49. Nc5+ Kd6 50. Nxa6 Ba8 51. h4 Kc6 52. Ke5 Bb7
53. Nb4+ Kb5 54. a6 Ba8 55. Kd4 1-0

[Event "XXVI Festival Conca della Presolana A"]
[Site "Bratto - Castione della Presolana ITA"]
[Date "2006.08.19"]
[Round "1"]
[White "De Nardi, Riccardo"]
[Black "Sautto, Daniele"]
[Result "0-1"]
[WhiteElo "1973"]
[BlackElo "2152"]
[PlyCount "66"]
[EventDate "2006.08.19"]

1. e4 d5 2. exd5 Qxd5 3. Nc3 Qe5+ 4. Qe2 Qxe2+ 5. Bxe2 c6 6. Nf3 Nf6 7. O-O h6
8. d3 Bf5 9. Bf4 Nbd7 10. Rfd1 e6 11. Rd2 Bb4 12. a3 Bxc3 13. bxc3 Nd5 14. Be3
Nxc3 15. Bd4 Nxe2+ 16. Rxe2 O-O 17. Rb1 b6 18. Ne5 Nxe5 19. Bxe5 Rfd8 20. Re3
Rd5 21. Rb3 Rad8 22. h3 f6 23. Bb2 e5 24. f3 c5 25. Bc3 c4 26. dxc4 Rc5 27. Bb4
Rxc4 28. Rbc3 Rdc8 29. Rxc4 Rxc4 30. c3 Kf7 31. g4 Bh7 32. Bd6 a5 33. Kf2 g5
0-1

[Event "XXVI Festival Conca della Presolana A"]
[Site "Bratto - Castione della Presolana ITA"]
[Date "2006.08.19"]
[Round "1"]
[White "Dervishi, Erald"]
[Black "Piva, Giorgio"]
[Result "1-0"]
[WhiteElo "2531"]
[BlackElo "2129"]
[PlyCount "81"]
[EventDate "2006.08.19"]

1. e4 c5 2. Nf3 d6 3. d4 cxd4 4. Nxd4 Nf6 5. Nc3 g6 6. Be3 Bg7 7. Bc4 Nc6 8. f3
Bd7 9. Qd2 O-O 10. O-O-O Rc8 11. Bb3 Ne5 12. Kb1 Nc4 13. Bxc4 Rxc4 14. Rhe1 Qc7
15. g4 Rc8 16. g5 Nh5 17. Nd5 Qd8 18. c3 e6 19. Nb4 a5 20. Nbc2 b5 21. Na3 R4c7
22. Ndxb5 Bxb5 23. Nxb5 Rd7 24. a4 Bf8 25. Qc2 d5 26. h4 Bc5 27. Bxc5 Rxc5 28.
Qf2 Rc4 29. b3 Rc8 30. e5 Ng7 31. Rd3 Nf5 32. Red1 Qe7 33. Rh1 Rb7 34. f4 h5
35. gxh6 Kh7 36. Kb2 Rg8 37. Rdh3 Kxh6 38. Rg1 Rbb8 39. Rg5 Ng7 40. h5 Nxh5 41.
Qh4 1-0

[Event "XXVI Festival Conca della Presolana A"]
[Site "Bratto - Castione della Presolana ITA"]
[Date "2006.08.19"]
[Round "1"]
[White "Djabri, Zafer M."]
[Black "Mazzilli, Piero"]
[Result "1/2-1/2"]
[WhiteElo "2059"]
[BlackElo "2310"]
[PlyCount "69"]
[EventDate "2006.08.19"]

1. c4 f5 2. g3 Nf6 3. Bg2 g6 4. Nc3 Bg7 5. e4 fxe4 6. Nxe4 e5 7. Ne2 Nxe4 8.
Bxe4 O-O 9. O-O Nc6 10. d3 d6 11. Be3 Bh3 12. Re1 Ne7 13. Bg5 c6 14. d4 h6 15.
Bxe7 Qxe7 16. dxe5 dxe5 17. Nf4 Bf5 18. Bxf5 Rxf5 19. Nxg6 Qf7 20. Nh4 Rxf2 21.
Rf1 Rxf1+ 22. Qxf1 Rd8 23. Qe2 Rd4 24. b3 Qd7 25. Qh5 Rd2 26. Nf3 Rd1+ 27. Rxd1
Qxd1+ 28. Kg2 Qe2+ 29. Kh3 e4 30. Qe8+ Kh7 31. Nh4 Qf1+ 32. Kg4 Qd1+ 33. Kh3
Qf1+ 34. Kg4 Qd1+ 35. Kh3 1/2-1/2

[Event "XXVI Festival Conca della Presolana A"]
[Site "Bratto - Castione della Presolana ITA"]
[Date "2006.08.19"]
[Round "1"]
[White "Faccia, Sergio"]
[Black "Ranieri, Fabrizio"]
[Result "0-1"]
[WhiteElo "2035"]
[BlackElo "2227"]
[PlyCount "136"]
[EventDate "2006.08.19"]

1. e4 e6 2. Nf3 d5 3. e5 c5 4. b4 cxb4 5. a3 d4 6. Bb2 Nc6 7. Bb5 Bd7 8. Bxc6
Bxc6 9. Nxd4 Qg5 10. Nxc6 Qxg2 11. Rf1 Qxc6 12. axb4 Bxb4 13. Qg4 Bf8 14. Nc3
Nh6 15. Qa4 Qxa4 16. Rxa4 Be7 17. Rg1 O-O 18. Ne4 Nf5 19. Ke2 a6 20. c3 Rfd8
21. Ba3 Bxa3 22. Rxa3 Rac8 23. Rb1 Rc7 24. Rb6 h6 25. Rab3 Rdd7 26. Rb2 Ne7 27.
Nd6 Ng6 28. Nxb7 Nxe5 29. Na5 Nd3 30. Rb8+ Kh7 31. R2b6 Nc5 32. Ra8 Rd5 33. Nb3
Nxb3 34. Rxb3 Rh5 35. Rxa6 Rxh2 36. Ra4 Rh5 37. c4 Rf5 38. Rc3 Rf4 39. Ke3 e5
40. d3 f6 41. Ra1 h5 42. c5 Rb4 43. Rac1 h4 44. Rc4 Rxc4 45. Rxc4 g5 46. Ke4
Kg6 47. c6 h3 48. Kf3 f5 49. Kg3 g4 50. f3 gxf3 51. Kxh3 Kf6 52. Kg3 Ke6 53.
Kxf3 Kd5 54. Ke3 Rxc6 55. Ra4 Rc5 56. Kd2 Rb5 57. Ke3 f4+ 58. Kd2 Rb2+ 59. Kc3
Re2 60. Ra5+ Ke6 61. Rb5 f3 62. Rb8 Kf5 63. d4 e4 64. Rf8+ Ke6 65. Re8+ Kf7 66.
Re5 f2 67. Rf5+ Ke6 68. Rf4 e3 0-1

[Event "XXVI Festival Conca della Presolana A"]
[Site "Bratto - Castione della Presolana ITA"]
[Date "2006.08.19"]
[Round "1"]
[White "Ferretti, Folco"]
[Black "Nardi, Marco"]
[Result "1-0"]
[WhiteElo "2254"]
[BlackElo "2045"]
[PlyCount "99"]
[EventDate "2006.08.19"]

1. Nf3 f5 2. d3 e6 3. e4 fxe4 4. dxe4 d6 5. Nc3 Be7 6. Bc4 Bf6 7. Bf4 Nc6 8.
Qd2 Nge7 9. e5 dxe5 10. Qxd8+ Nxd8 11. Nxe5 c6 12. Ne4 Nd5 13. Bg3 Be7 14. O-O
O-O 15. Rfe1 Nf7 16. Nxf7 Rxf7 17. Rad1 b6 18. Bb3 a6 19. c4 Nf4 20. Nd6 Rf8
21. Bxf4 Rxf4 22. c5 Bxd6 23. cxd6 Ra7 24. Rxe6 Bxe6 25. Bxe6+ Kf8 26. d7 Ra8
27. d8=Q+ Rxd8 28. Rxd8+ Ke7 29. Rb8 Kxe6 30. Rxb6 Rc4 31. g3 a5 32. Kg2 a4 33.
Kf3 Ke5 34. h4 h5 35. Ke3 Rc2 36. Ra6 Rxb2 37. Ra5+ c5 38. Rxc5+ Kf6 39. Rxh5
Rxa2 40. Ra5 Ra1 41. Kf4 Ra2 42. Ra6+ Kf7 43. f3 Ra1 44. g4 Kg8 45. Kg5 Kh7 46.
Ra7 a3 47. f4 a2 48. f5 Kg8 49. Kg6 Kf8 50. g5 1-0